| 000 | 00333 a2200145 4500 | ||
|---|---|---|---|
| 001 | 50957 | ||
| 082 | _a629.895 HOU | ||
| 090 |
_c32267 _d32267 |
||
| 100 | _aHoupis Constantine | ||
| 245 | _aDigital Control System | ||
| 250 | _a1 | ||
| 260 |
_aNewyork _bMcGraw-Hill, NY _c1995 |
||
| 300 | _axix, 667p | ||
| 500 | _aMS textbook | ||
| 942 |
_aNUST-CAE _k629.895 HOU |
||
| 999 |
_c286030 _d286030 |
||